000 00629nam a2200229Ia 4500
003 OSt
005 20221007102005.0
006 a|||||r|||| 00| 0
007 ta
008 221006b |||||||| |||| 00| 0 eng d
024 _a9,101
037 _cTextual
040 _aLCO
_cLCO
_beng
041 _2eng
_aeng
082 _aZm2,N75, L5
245 0 _aJOURNAL OF CONSTITUTIONAL & Parliamentary Studies
260 _aNew
_bDelhi Institute of Constitutional
_c1975
300 _a498
650 _aCONSTITUTIONAL & PARLIAMENTARY STUDIES
_9704021
942 _hZm2,N75, L5
_cTEXL
999 _c1178664
_d1178664